000 00700nam a2200241Ia 4500
003 OSt
005 20220918194406.0
006 a|||||r|||| 00| 0
007 ta
008 220917b |||||||| |||| 00| 0 eng d
024 _a79,091
037 _cTextual
040 _aARTS
_cARTS
_beng
041 _2eng
_aeng
082 _aR6946x1,2, L9
100 _aAsanga
_925107
245 0 _aOn knowing reality
_b the tattvanta chapter of Asanga's Bodhisattvabhumi tr by Janice Dean Willis
260 _aDelhi
_bMotilal Banarsidas
_c1979
300 _axiv, 202p.
_ccm.
650 _aBUDDHIST PHILOSOPHY
942 _hR6946x1,2, L9
_cTEXL
_2CC
999 _c202868
_d202868